| 000 | 01242nam a2200277 a 4500 | ||
|---|---|---|---|
| 001 | 000016670 | ||
| 003 | DO-SdBNP | ||
| 005 | 20240710114449.0 | ||
| 007 | ta | ||
| 008 | 100309s2004 dr r 000 jdspa d | ||
| 020 | _a9993479160 | ||
| 040 |
_aDO-SdBNP _bspa _cBNPHU |
||
| 041 | _hspa | ||
| 082 | 4 |
_aRD863.44 _bM516e _222 |
|
| 100 |
_aMejía, Amable, _96577 _d1959- |
||
| 245 | 1 | 0 |
_aEntre familia / _cAmable Mejía ; editor : Gerardo Castillo Javier. |
| 260 |
_aSanto Domingo : _bPerla, _c2004. |
||
| 300 |
_a77 p. ; _c21 cm. |
||
| 505 | 0 | 0 |
_tPalabras justificatoria.-- _tUna visita desde la sombra.-- _tPara cuando regreses.-- _tArmadas blancas.-- _tEl pozo.-- _tA veces me miran y se sonríen.-- _tHoja suelta de una memoria insólita.-- _tPersonaje de novela.-- _tEl hombre de al cruzar la calle principal.-- _tComprensiva mamá.-- _tLa vía blanca.-- _tCotidianidad.-- _tFragmento de una historia de amor.-- _tDetalles.-- _tEl cuarto oscuro.-- _tNavidad de 1989.-- _tNueva York.-- _tEntre familia. |
| 590 | _aInventariado, 2020/BT | ||
| 650 | 0 |
_aCuentos dominicanos _9176 |
|
| 650 | 0 |
_aLiteratura dominicana. _967 |
|
| 700 | 1 |
_aCastillo Javier, Gerardo, _d1963- _eed. _91677 |
|
| 910 | _aValidado. Control de calidad. MMOLINA | ||
| 942 |
_2ddc _cLBS1 |
||
| 999 |
_c16203 _d16203 |
||